000 00694nam a2200181Ia 4500
008 090630s9999 xx 000 0 und d
082 _b5166
100 _aसौ. अष्टिकर मंदाकिनी.
245 _aभावपुष्प फुलले.
_cसौ. अष्टिकर मंदाकिनी.
260 _bप्रिया.
300 _a176
600 _aसौ. अष्टिकर मंदाकिनी.
630 _aभावपुष्प फुलले.
655 _aकादंबरी.
700 _aसौ. अष्टिकर मंदाकिनी.
730 _aभावपुष्प फुलले.
942 _cBOOK
999 _c257022
_d257022